header

Menopause (Record no. 95512)

MARC details
000 -LEADER
fixed length control field 01056nam a2200289Ia 4500
082 04 - DEWEY DECIMAL CLASSIFICATION NUMBER
Classification number 618.1/75
100 1# - MAIN ENTRY--AUTHOR NAME
Personal name Currie, Heather.
245 10 - TITLE STATEMENT
Title Menopause
260 ## - PUBLICATION, DISTRIBUTION, ETC. (IMPRINT)
Place of publication London :
Name of publisher Class Publishing,
Year of publication c2006.
300 ## - PHYSICAL DESCRIPTION
Number of Pages xiii, 207 p. :
Other physical details ill.
500 ## - GENERAL NOTE
General note Includes index.
650 #0 - SUBJECT ADDED ENTRY--TOPICAL TERM
Topical Term Menopause.
Topical Term Endocrine gynecology.
856 40 - ELECTRONIC LOCATION AND ACCESS
Uniform Resource Identifier http://site.ebrary.com/lib/rucke/Doc?id=10152485

No items available.

© 2026 Rongo University
Contact us: librarian | system librarian | Rongo university